The Americans (Record no. 8818)

MARC details
000 -LEADER
fixed length control field 01032nam a22002177a 4500
003 - CONTROL NUMBER IDENTIFIER
control field OSt
005 - DATE AND TIME OF LATEST TRANSACTION
control field 20260310022943.0
008 - FIXED-LENGTH DATA ELEMENTS--GENERAL INFORMATION
fixed length control field 260310b |||||||| |||| 00| 0 eng d
040 ## - CATALOGING SOURCE
Original cataloging agency DWCL GS lib
Transcribing agency OC
082 ## - DEWEY DECIMAL CLASSIFICATION NUMBER
Edition number J25a 1980
100 ## - MAIN ENTRY--PERSONAL NAME
Personal name JAKES, JOHN
245 ## - TITLE STATEMENT
Title The Americans
Remainder of title the kent family chronicles, volume III
Statement of responsibility, etc. JOHN JAKES
260 ## - PUBLICATION, DISTRIBUTION, ETC.
Place of publication, distribution, etc. New York
Name of publisher, distributor, etc. Jove Books
Date of publication, distribution, etc. 1980
300 ## - PHYSICAL DESCRIPTION
Extent vii, 796 pages:
Other physical details illustrations
Dimensions 17 cm.
504 ## - BIBLIOGRAPHY, ETC. NOTE
Bibliography, etc. note Jakes, J. (1975). The Seekers. Garden City, NY: Doubleday, John Jakes. The Seekers. Doubleday, 1975, John Jakes. 1975. The Seekers. Garden City, NY: Doubleday.
520 ## - SUMMARY, ETC.
Summary, etc. The Seekers is Volume III of The Kent Family Chronicles by John Jakes. It continues the story of the Kent family after the American Revolution and follows the life of Abraham Kent, the son of Philip Kent.
546 ## - LANGUAGE NOTE
Language note English
650 ## - SUBJECT ADDED ENTRY--TOPICAL TERM
Source of heading or term Courage and Determination, Responsibility to Family
650 ## - SUBJECT ADDED ENTRY--TOPICAL TERM
Source of heading or term Responsibility for One’s Actions, Perseverance During Hard Times
942 ## - ADDED ENTRY ELEMENTS (KOHA)
Source of classification or shelving scheme Dewey Decimal Classification
Koha item type Fiction
Classification part Fic.
Suppress in OPAC No

No items available.